| 000 | 02553nam0a22004811 4500 | ||
|---|---|---|---|
| 001 | RU\NLR\A1\10284 | ||
| 005 | 20260407090919.0 | ||
| 035 | _a(NLR Aleph) 009673723 | ||
| 090 |
_a9673435 _c9673435 |
||
| 100 | _a19970923d1779 m y0rusy50 ca | ||
| 101 | 0 | _arus | |
| 102 | _aRU | ||
| 135 | _acrcn 024anaba | ||
| 140 | _ay y cayaa0000 | ||
| 200 | 1 |
_aНесчастие от кареты, _eкомическая опера, в двух действиях, представленная в первый раз, в присудствии ея имп. величества и их императорских высочеств в Ермитаже. _fСлова сочинения гна. Княжнина, музыка гна. Пашкевича. 1779 года, ноября 7 дня. |
|
| 210 |
_aВ Санктпетербурге _cпри Императорской Академии наук _d1779 |
||
| 215 |
_a31, [1] с. _d8° |
||
| 316 |
_aЭкз. РНБ (18.166.2.182) бумаж. обл. из мрамор. бумаги. На 1-й с. обл. ярлык с шифром РНБ. На с.3, 15 и 31 круглый штамп ГПБ. Размер: 19,2х12,5х0,3 см _5NLR: 18.166.2.182 |
||
| 321 | 1 | _aСК XVIII 2984 | |
| 325 | _aКопия доступна в Электрон. б-ке РНБ | ||
| 620 | _dСанкт-Петербург | ||
| 700 | 1 |
_4070 _8rus _7ca _aКняжнин _bЯ. Б. _f1742-1791 _gЯков Борисович _3RU\NLR\AUTH\7792540 _975467 |
|
| 702 | 1 |
_4230 _8rus _7ca _aПашкевич _bВ. А. _fок.1742-1797 _gВасилий Алексеевич _3RU\NLR\AUTH\7792829 _975755 |
|
| 712 | 0 | 2 |
_4610 _aАкадемическая типография _cПетербург _3RU\NLR\AUTH\8815379 _9303965 |
| 801 | 0 |
_aRU _bNLR _c19970923 |
|
| 852 |
_aNLR _j18.166.2.182 |
||
| 856 | 0 | _uhttps://vivaldi.nlr.ru/bx000018991/view | |
| 856 | 1 | _uhttps://vivaldi.nlr.ru/bx000018991/cover | |
| 856 | 2 | _uhttps://vivaldi.nlr.ru/bx000018991/text | |
| 899 | _aРГБ | ||
| 899 | _aКостОУНБ | ||
| 899 | _aБАН | ||
| 942 | _cBOOK | ||
| 980 | _aNB | ||
| 980 | 3 | _akpcivil2020 | |
| 980 | 3 | _akp2020 | |
| 980 | 3 | _akp | |
| 980 | _aA1XVIIIv | ||
| 981 | 2 | 0 |
_a(20) Книжные памятники РНБ _b(20) Русский книжный фонд |